Effect of different organic and inorganic sources of nutrient on the growth and yield of okra / (Record no. 9429)

MARC details
000 -LEADER
fixed length control field 01158nam a22002897a 4500
001 - CONTROL NUMBER
control field BD-DhSA
003 - CONTROL NUMBER IDENTIFIER
control field BD-DhSAU
005 - DATE AND TIME OF LATEST TRANSACTION
control field 20190109124214.0
008 - FIXED-LENGTH DATA ELEMENTS--GENERAL INFORMATION
fixed length control field 150613b2008 bg a|||| m||| 00| 0 eng d
040 ## - CATALOGING SOURCE
Original cataloging agency BD-DhSAU
082 ## - DEWEY DECIMAL CLASSIFICATION NUMBER
Edition number 22
Classification number ..
Item number ..
100 ## - MAIN ENTRY--PERSONAL NAME
Personal name Rahman, MD Mahfuzur
Relator term Registration # 00956
245 ## - TITLE STATEMENT
Title Effect of different organic and inorganic sources of nutrient on the growth and yield of okra /
Remainder of title MS thesis
Statement of responsibility, etc. MD Mahfuzur Rahman,
260 ## - PUBLICATION, DISTRIBUTION, ETC. (IMPRINT)
Place of publication, distribution, etc. Sher-e-Bangla Agricultural Uniersity :
Name of publisher, distributor, etc. Department of Soil Science
Date of publication, distribution, etc. 2008
300 ## - PHYSICAL DESCRIPTION
Extent 52 p. :
Other physical details ill. ;
Dimensions 29 cm.
500 ## - GENERAL NOTE
General note MS thesis of Department of Soil Science , Faculty of Agriculture, Sher-e-Bangla Agricultural University, Dhaka, Bangladesh
504 ## - BIBLIOGRAPHY, ETC. NOTE
Bibliography, etc Includes bibliographical reference.
590 ## - Name of Cataloguer
Name of Cataloger erfat
650 ## - SUBJECT ADDED ENTRY--TOPICAL TERM
Topical term or geographic name as entry element Soil Science
650 ## - SUBJECT ADDED ENTRY--TOPICAL TERM
Topical term or geographic name as entry element Effect of different organic
650 ## - SUBJECT ADDED ENTRY--TOPICAL TERM
Topical term or geographic name as entry element inorganic sources of nutrient
650 ## - SUBJECT ADDED ENTRY--TOPICAL TERM
Topical term or geographic name as entry element growth and yield of okra
700 ## - ADDED ENTRY--PERSONAL NAME
Personal name Paul, Alok KUmar
Relator term Superviser
700 ## - ADDED ENTRY--PERSONAL NAME
Relator term Co-superviser
Personal name Dhar, Monoranjan
856 ## - ELECTRONIC LOCATION AND ACCESS
Uniform Resource Identifier <a href="http://archive.saulibrary.edu.bd:8080/xmlui/handle/123456789/1275">http://archive.saulibrary.edu.bd:8080/xmlui/handle/123456789/1275</a>
942 ## - ADDED ENTRY ELEMENTS (KOHA)
Source of classification or shelving scheme Dewey Decimal Classification
Koha item type MS Level Thesis
Holdings
Withdrawn status Lost status Source of classification or shelving scheme Damaged status Not for loan Collection code Home library Branch Name Shelving location Date acquired Total Checkouts Full call number Barcode Date last seen Price effective from Koha item type
    Dewey Decimal Classification   Not For Loan Reference SAU Library SAU Library Reference 19/06/2015   .. .. 38720 19/06/2015 19/06/2015 MS Level Thesis